| 000 | 00926naa a2200265 4500 | ||
|---|---|---|---|
| 001 | 45042 | ||
| 003 | ES-MaCES | ||
| 005 | 20140905085529.0 | ||
| 008 | 000000s2014 fr ||||| t||||||| ||fre d | ||
| 040 |
_aES-MaCES _bspa _cES-MaCES |
||
| 100 | 1 |
_935166 _aKhayat, André |
|
| 245 | 1 | 2 |
_aL´homme face à la maladie. _bUne réflexion autour de la relation patient-médecin _cPar André Khayat |
| 500 | _aResumen | ||
| 650 | 4 |
_928679 _aenfermedad |
|
| 650 | 4 |
_927039 _aseguro de enfermedad |
|
| 650 | 4 |
_930633 _agastos sociales |
|
| 650 | 4 |
_930272 _aasistencia médica |
|
| 650 | 4 |
_928700 _amedicina |
|
| 650 | 4 |
_927251 _ahistoria |
|
| 650 | 4 |
_926943 _aFrancia |
|
| 653 | 1 | 0 | _aSalud |
| 773 | 0 |
_981503 _dParis (Rue de Varenne, 55, 75341, Cedex 07) Futuribles _o084409 _tFuturibles _w(ES-MaCES)25335 _gnº 400 (mai-juin 2014) {10324 R. 084409} ;p. 5-22 |
|
| 902 | _aART Artículo de revista | ||
| 942 |
_2CES _cAR _h3.1. |
||
| 999 |
_c45042 _d45042 |
||